000 00956nam a2200289 i 4500
001 000010400
003 DO-SdBNP
005 20250204073951.0
007 ta
008 091007s2002 dr r 001 f spa d
020 _a9993431192
040 _aDO-SdBNP
_bspa
_cBNPHU
_erda
082 _aRD861.44
_bL453b
_222
100 1 _aLebrón Saviñon, Mariano
_d1922-2014
_97227
245 1 0 _aBajo la cruz del sueño /
_cMariano Lebrón Saviñón.
264 1 _aSanto Domingo :
_bBiblioteca Nacional Pedro Henríquez Ureña,
_bAPEC,
_c2002.
300 _a45 páginas
_c23 cm.
336 _2rdacontent
_atexto
_btxt
337 _2rdamedia
_asin mediación
_bn
338 _2rdacarrier
_avolumen
_bnc
490 1 _aBiblioteca Nacional Pedro Henríquez Ureña
_v13
_aPoesía
_v3
590 _aInventariado, 2018/LP
650 0 _aPoesía dominicana
_966
650 0 _aLiteratura dominicana.
_967
910 _aValidado. Control de calidad. MMOLINA
942 _2ddc
_cLBS1
999 _c10159
_d10159